00921nam a22002654a 450000500170000000800410001701000140005802000260007202000230009803500130012103700150013404000180014908200130016710000220018024500860020226000370028827000460032530000310037150000500040265000320045265000390048465000380052365000470056165100470060820090723104954.0080520s2008 ii b 001 0 eng  aENG-94515 a9788125035831c295.00 a8125035834c295.00 aEN-78048 bDBAD / PUB adplbEnglish  a954.0841 aRamagundam, Rahul aGandhi's khadi :ba history of contention and conciliation /cby Rahul Ramagundam aNew Delhi bOrient Longmanc2008 a1/24, Asaf Ali Road, bNew Delhi e110002 axiii, 298 p. ;c22cm(pbk)  aIncludes bibliographical references and index aSwadeshi movementxHistory. aKhadixPolitical aspectsxHistory. aKhadixEconomic aspectsxHistory. aNationalismzIndiaxHistoryy20th century. aIndiaxPolitics and governmenty1919-1947.